Estratigrafía y sedimentación / (Record no. 87358)

MARC details
000 -LEADER
campo de control de longitud fija 00693nam a2200217 i 4500
001 - NÚMERO DE CONTROL
campo de control 87358
003 - IDENTIFICADOR DE NÚMERO DE CONTROL
campo de control ES-MaACL
005 - FECHA Y HORA DE LA ÚLTIMA TRANSACCIÓN
campo de control 20230906175644.0
007 - CAMPO FIJO DE DESCRIPCIÓN FÍSICA--INFORMACIÓN GENERAL
campo de control de longitud fija t|
008 - DATOS DE LONGITUD FIJA--INFORMACIÓN GENERAL
campo de control de longitud fija 041221s1969 mx ||||1| spa d
100 1# - ENTRADA PRINCIPAL--NOMBRE DE PERSONA
Nombre de persona Krumbein, W. C.
9 (RLIN) 68914
245 10 - MENCIÓN DEL TÍTULO
Título Estratigrafía y sedimentación /
Mención de responsabilidad, etc. W.C. Krumbein y L.L. Sloss ; traducción de la segunda edición en inglés por Rafael García Díaz.
250 ## - MENCION DE EDICION
Mención de edición 1ª ed.
260 ## - PUBLICACIÓN, DISTRIBUCIÓN, ETC.
Lugar de publicación, distribución, etc. México :
Nombre del editor, distribuidor, etc. Uteha,
Fecha de publicación, distribución, etc. 1969.
300 ## - DESCRIPCIÓN FÍSICA
Extensión XVI, 778 p. :
Otras características físicas il. ;
Dimensiones 29 cm.
650 #4 - PUNTO DE ACCESO ADICIONAL DE MATERIA--TÉRMINO DE MATERIA
Término de materia o nombre geográfico como elemento de entrada Estratigrafía.
9 (RLIN) 136064
650 #4 - PUNTO DE ACCESO ADICIONAL DE MATERIA--TÉRMINO DE MATERIA
Término de materia o nombre geográfico como elemento de entrada Sedimentación.
9 (RLIN) 136858
700 1# - ENTRADA AGREGADA--NOMBRE PERSONAL
Nombre de persona Sloss, L. L.
9 (RLIN) 106795
700 1# - ENTRADA AGREGADA--NOMBRE PERSONAL
Nombre de persona García Díaz, Rafael.
9 (RLIN) 54537
852 ## - LOCALIZACIÓN
Ubicación ES-MaACL
Número de control de estantería A-5993
Holdings
Estatus retirado Estado de pérdida Estado de daño No para préstamo Biblioteca de origen Biblioteca actual Ubicación en estantería Fecha de adquisición Fuente de adquisición Total de préstamos Signatura topográfica completa Código de barras Visto por última vez Precio de reemplazo Tipo de ítem Koha
        Biblioteca del Ateneo de Madrid Biblioteca del Ateneo de Madrid Sala Pecera Planta 1 17/01/2008     A-5993 1091266 23/02/2023 23/02/2023 Libro impreso